LEADER 00858nam a2200193 i 4500 001 000000055827 003 CaOOAMICUS 005 19970715000000.0 008 970715n it u000 u ita u 013 $a26999 040 $aSeMil$bita 100 1 $aVighetti, Oreste.$0(OLS)http://semarc/name/26906 245 10$aOrigine informazione e connessione delle virtù cardinali secondo S. Bonaventura. 600 04$aBonaventura : da Bagnorea .$0(OLS)http://semarc/subject/524 650 4$aTesi di laurea.$0(OLS)http://semarc/subject/1690 650 4$aVirtù - Teologia morale.$0(OLS)http://semarc/subject/2865 850 $aSeMil 852 $aSeMil$W1$xVenegono$y1$m2I IV 16$j21981$B21981$CSeMilBibl$Z2$F21983 $81 996 $6245$aOrigine informazione e connessione delle virtù cardinali secondo S. Bonaventura$9(OLS)http://semarc/title/86682 LEADER 01119nam a2200265 i 4500 001 000000127054 003 CaOOAMICUS 005 20070312000000.0 008 070312s2000 xxu u000 u eng u 013 $a99762 020 $a1-57075-312-1 040 $aSeMil$bita 100 1 $aJohnston, William,$d<1925- >.$0(OLS)http://semarc/name/23496 245 10$a"Arise, my love..." :$bmysticism for a New Era /$cWilliam Johnston. 260 $aMaryknoll, New York :$bOrbis Books,$ccopyr. 2000. 300 $aXVIII, 261 p. ;$c24 cm. 500 $aCon dedica autografa dell'Autore. - Fondo Card. C.M. Martini. 650 4$aMisticismo - Chiesa cattolica - Storia.$0(OLS)http://semarc/subject/24902 850 $aSeMil 852 $aSeMil$W1$xVenegono$y1$m2R IV 339$j81382$B81382$CSeMilBibl$Z2$F121854 $81 941 1 $a4 961 $aOmaggio: Martini Card. Carlo Maria 996 $6020$a1-57075-312-1$9(OLS)http://semarc/number/113373 996 $6245$a"Arise, my love..." :$bmysticism for a New Era$9(OLS)http://semarc/title/187432 996 $6260$aMaryknoll, New York :$bOrbis Books$9(OLS)http://semarc/publisher/35261